Társszerzői hálózatok topográfiája és dinamikája

Elmentve itt :
Bibliográfiai részletek
Szerző: Micsinai István
Testületi szerző: Tudásjavak áramlása a közép-kelet-európai régióban a rendszerváltást követően (2008) (Veszprém)
Dokumentumtípus: Könyv része
Megjelent: 2009
Sorozat:Tudásjavak áramlása a közép-kelet-európai régióban a rendszerváltást követően : a Magyar Szociológiai Társaság éves konferenciája
Kulcsszavak:Társadalomtudomány - előadáskivonat
Tárgyszavak:
Online Access:http://acta.bibl.u-szeged.hu/68428
LEADER 00935naa a2200205 i 4500
001 acta68428
005 20260224081030.0
008 200807s2009 hu o 100 hun d
020 |a 978-963-9573-55-0 
040 |a SZTE Egyetemi Kiadványok Repozitórium  |b hun 
041 |a hun 
100 1 |a Micsinai István 
245 1 0 |a Társszerzői hálózatok topográfiája és dinamikája  |h [elektronikus dokumentum] /  |c  Micsinai István 
260 |c 2009 
300 |a 164 
490 0 |a Tudásjavak áramlása a közép-kelet-európai régióban a rendszerváltást követően : a Magyar Szociológiai Társaság éves konferenciája 
650 4 |a Társadalomtudományok 
695 |a Társadalomtudomány - előadáskivonat 
710 |a Tudásjavak áramlása a közép-kelet-európai régióban a rendszerváltást követően (2008) (Veszprém) 
856 4 0 |u http://acta.bibl.u-szeged.hu/68428/1/2009_tudasjavak_aramlasa_164_002.pdf  |z Dokumentum-elérés